000 01121nam a2200289Ia 4500
005 20170605154042.0
010 _aBAC-EN21 ENG-111881
020 _a9788126541089
_c649.00
020 _a9788126541089
_c699.00 (AV)
035 _aEN-95413
035 _aB-585017-033
035 _aB-669716
037 _bAsian Book Centre/Ven
_adpl
037 _bDBAD/PUB
082 _a005.432
100 _aVugt, Sander Van
245 _aRed Hat Enterprise Linux 6 administration :
_breal world skills for Red Hat administrators /
_cby Sander Van Vugt
260 _c2014
_aNew Delhi
_bJohn Wiley
270 _a4435-36/7, Ansari Road, Daryaganj,
_bNew Delhi
_e110002
300 _c24cm(pbk)
_axxvii,644p.:
_bill.
500 _aIncludes index
610 _a Red Hat, Inc.
650 _a Operating systems (Computers)
942 _cEN
_2ddc
_mVUG
_h005.432
999 _c88073
_d88073